The Future of International Economic Law. (Record no. 11681)
[ view plain ]
| 000 -LEADER | |
|---|---|
| fixed length control field | 00968cam a22002892 4500 |
| 001 - CONTROL NUMBER | |
| control field | 0000025391 |
| 005 - DATE AND TIME OF LATEST TRANSACTION | |
| control field | 20151217154531.0 |
| 008 - FIXED-LENGTH DATA ELEMENTS--GENERAL INFORMATION | |
| fixed length control field | 150831s xx 000 0 eng d |
| 020 ## - INTERNATIONAL STANDARD BOOK NUMBER | |
| International Standard Book Number | 0199551132 : |
| 040 ## - CATALOGING SOURCE | |
| Original cataloging agency | KABU |
| Transcribing agency | KABU |
| 245 14 - TITLE STATEMENT | |
| Title | The Future of International Economic Law. |
| 260 ## - PUBLICATION, DISTRIBUTION, ETC. (IMPRINT) | |
| Place of publication, distribution, etc. | UK : |
| Name of publisher, distributor, etc. | O.U.P., |
| Date of publication, distribution, etc. | 2008. |
| 300 ## - PHYSICAL DESCRIPTION | |
| Extent | viii, 326 p. |
| 504 ## - BIBLIOGRAPHY, ETC. NOTE | |
| Bibliography, etc | International Economic Law. |
| 650 #0 - SUBJECT ADDED ENTRY--TOPICAL TERM | |
| Topical term or geographic name as entry element | World Trade Organization. |
| -- | 0000151316 |
| 650 #0 - SUBJECT ADDED ENTRY--TOPICAL TERM | |
| Topical term or geographic name as entry element | Foreign trade regulation. |
| -- | 0000162769 |
| 700 1# - ADDED ENTRY--PERSONAL NAME | |
| Personal name | William J Davey. |
| -- | 0000186054 |
| 700 1# - ADDED ENTRY--PERSONAL NAME | |
| Personal name | John Jackson. |
| -- | 0000186055 |
| 908 ## - PUT COMMAND PARAMETER (RLIN) | |
| Put command parameter | 150831 |
| 950 ## - LOCAL HOLDINGS (RLIN) | |
| -- | 1 |
| Withdrawn status | Lost status | Source of classification or shelving scheme | Not for loan | Home library | Current library | Date acquired | Total Checkouts | Total Renewals | Full call number | Barcode | Date last seen | Date last checked out | Price effective from | Koha item type |
|---|---|---|---|---|---|---|---|---|---|---|---|---|---|---|
| Library of Congress Classification | Kabarak, Main Campus | Kabarak, Main Campus | 17/12/2015 | 3 | 1 | K4600 .F88 2008 C.1 | 019783 | 22/01/2020 | 11/09/2019 | 17/12/2015 | General Collection | |||
| Library of Congress Classification | Kabarak, Main Campus | Kabarak, Main Campus | 17/12/2015 | 1 | K4600 .F88 2008 C.2 | 019785 | 18/08/2016 | 15/08/2016 | 17/12/2015 | General Collection | ||||
| Library of Congress Classification | Kabarak, Main Campus | Kabarak, Main Campus | 17/12/2015 | 3 | 2 | K4600 .F88 2008 C.3 | 019791 | 15/03/2018 | 14/11/2017 | 17/12/2015 | General Collection | |||
| Library of Congress Classification | Kabarak, Main Campus | Kabarak, Main Campus | 17/12/2015 | K4600 .F88 2008 C.4 | 019789 | 17/12/2015 | 17/12/2015 | General Collection | ||||||
| Library of Congress Classification | Kabarak, Main Campus | Kabarak, Main Campus | 17/12/2015 | 3 | K4600 .F88 2008 C.5 | 019787 | 27/03/2021 | 18/03/2021 | 17/12/2015 | General Collection | ||||
| Library of Congress Classification | Kabarak, Main Campus | Kabarak, Main Campus | 17/12/2015 | K4600 .F88 2008 C.20 | 17/12/2015 | 17/12/2015 | General Collection |